|
|
|
|
| LEADER |
00000cam a2200000 a 4500 |
| 001 |
vtls001471296 |
| 003 |
SK-MaSNL |
| 005 |
20260426005851.0 |
| 008 |
240226s2003 xo 000 0 slo |
| 015 |
|
|
|a SNBA2004/04-01394
|
| 020 |
|
|
|a 8080641900
|
| 035 |
|
|
|a SNK000426599
|
| 035 |
|
|
|a urn:nbn:sk:snk-amjdmt
|
| 035 |
|
|
|a urn:nbn:sk:snk-am002ece
|
| 035 |
|
|
|a BB6CAC68-2B82-42B7-87CE-E391308E2ED3
|
| 040 |
|
|
|a SNK
|b slo
|c SNK
|e AACR2
|
| 041 |
0 |
|
|a slo
|
| 043 |
|
|
|a e-xo---
|
| 044 |
|
|
|a xo
|c SK
|
| 072 |
|
7 |
|a 930.85
|x Dejiny civilizácie. Kultúrne dejiny
|2 konspekt
|
| 080 |
|
|
|a 930.85(437.6)(082)
|2 1981
|
| 080 |
|
|
|a 008(437.6)(082)
|2 1981
|
| 080 |
|
|
|a 930.85
|2 1981
|
| 080 |
|
|
|a (437.6)
|2 1981
|
| 080 |
|
|
|a (082)
|2 1981
|
| 080 |
|
|
|a (041)
|2 1981
|
| 245 |
0 |
0 |
|a Pramene
|n 8. zväzok
|
| 250 |
|
|
|a [1. vyd.]
|
| 260 |
|
|
|a Martin
|b Rada národnej kultúry
|c 2003
|
| 300 |
|
|
|a 47 s.
|c 21 cm
|
| 500 |
|
|
|a Vydané vo vydav. Knižné centrum, Žilina
|
| 650 |
0 |
7 |
|a kultúrne dejiny
|z Martin (Slovensko)
|2 SNK
|9 528704
|
| 651 |
|
7 |
|a Martin (Slovensko)
|2 SNK
|9 16875
|
| 651 |
|
7 |
|a Martin (Slovensko)
|2 SNK
|9 16875
|
| 655 |
|
7 |
|a zborníky
|2 SNK
|9 70165
|
| 655 |
|
7 |
|a zborníky
|2 SNK
|9 70165
|
| 655 |
|
7 |
|a brožúry
|2 SNK
|9 70146
|
| 710 |
0 |
|
|a Knižné centrum (vydavateľstvo : Žilina, Slovensko)
|4 pbl
|9 32243
|
| 919 |
|
|
|a 80-8064-190-0
|
| 958 |
|
|
|a BQ
|
| 968 |
|
|
|d 93/94
|
| 999 |
|
|
|c 1018949
|d 1020879
|
| 952 |
|
|
|t P60, <03>, [BOOK], {603}
|a SNK
|b SNK
|y PREZ
|7 0
|p 17A0420333
|o snkSD 69991/8
|i snkKSP 4116/2004
|0 0
|1 0
|4 0
|d 2004-03-18
|l 0
|r 2005-01-02 00:00:00
|w 2026-02-24
|
| 952 |
|
|
|t P60, <04>, [BOOK], {604}
|a SNK
|b SNK
|y VYP
|7 0
|p 17A0420334
|o snkSD 69991/8 D1
|i snkKSP 4117/2004
|0 0
|1 0
|4 0
|d 2004-03-18
|f 1
|l 0
|r 2005-01-02 00:00:00
|w 2026-02-24
|